1587 1759 1734 1647 1994 1068 1438 1885 1138 1977 1922 1595 1580 1816 2000 1704 1313 1728 1134 1712 1174 1584 1423 1468 1757 1157 1723 1161 1165 1662 1937 1751 1828 1297 1854 1089 1788 1640 1142 1774 1554 1578 1684 1580 1715 1013 1607 1902 1242 1396 1207 1124 1159 1207 1874 1200 1912 1704 1517 1443 1525 1884 1220 1567 1985 1560 1449 1187 1449 1910 1374 1751 1888 1881 1739 1636 1781 1396 1305 1464 1926 1482 1708 1984 1063 1481 1002 1724 1686 1294 1928 1688 1450 1709 1046 1046 1196 1347 1198 BCNSPRNW ULIB Ver.6.0+V

เปลี่ยนเป็นภาษาไทย

Change to English
 แสดงรายละเอียดบรรณานุกรม
  กลับหน้าหลัก

Brief Record : Get Marc (ISO 2709) : E-mail record : QR code < ปิดหน้าต่าง
LEADER : 00000nam 2200000uu 4500
001    13399126076
003     ULIB
008    180525s2559||||th 000 0 tha d
020    ^a9786169132424
060    ^aWB537^bT364
245 10 ^aThai Chair Massage for Health=นว่ดไทยบนเก้าอี้เพื่อสุขภาพ /^cโรงเรียนนวดไทยเชียงใหม่, โรงเรียนนวดไทยประเทศไทย
260    ^aเชียงใหม่ : ^bThai Massage Book, ^c2559
300    ^a29 หน้า :^bภาพประกอบ
650  7 ^aการนวดไทย
710    ^aโรงเรียนนวดไทยเชียงใหม่
710    ^aโรงเรียนนวดไทยประเทศไทย
850    ^aPSU:NUR
945    ^p250^l0^i004041
945    ^p250^l0^i004042
945    ^p250^l0^i004043
945    ^p250^l0^i004044
945    ^p250^l0^i004045
945    ^p250^l0^i004046
945    ^p250^l0^i004047
945    ^p250^l0^i004048
945    ^p250^l0^i004055
945    ^p250^l0^i004056
999    ^aประนอม เกษจรัล
รายการนี้ยังไม่มีแท็ก
คุณยังไม่ได้ล็อกอิน คุณสามารถมีกิจกรรมร่วมกับเว็บไซต์ได้ แต่ต้องล็อกอินก่อน ::
  ล็อกอิน

รายการสื่อสารสนเทศ

ลำดับที่ ประเภท เลขเรียก/บาร์โค้ด สถานที่ สถานะ
1. หนังสือสำรอง
หนังสือสำรอง
สถานะ=หนังสือเก่า
WB537 T364 ฉ.1 
  Barcode: 004041
ห้องสมุดวิทยาเขตสวรรค์ประชารักษ์
►ส่วนจัดเก็บหนังสือเก่า สปร
บนชั้น
  ขอยืม
2. วิทยาศาสตร์การแพทย์ และสุขภาพ
วิทยาศาสตร์การแพทย์ และสุขภาพ
สถานะ=หนังสือเก่า
WB537 T364 ฉ.10 
  Barcode: 004056
ห้องสมุดวิทยาเขตสวรรค์ประชารักษ์
►ส่วนจัดเก็บหนังสือเก่า สปร
บนชั้น
  ขอยืม
3. วิทยาศาสตร์การแพทย์ และสุขภาพ
วิทยาศาสตร์การแพทย์ และสุขภาพ
สถานะ=หนังสือเก่า
WB537 T364 ฉ.2 
  Barcode: 004042
ห้องสมุดวิทยาเขตสวรรค์ประชารักษ์
►ส่วนจัดเก็บหนังสือเก่า สปร
บนชั้น
  ขอยืม
4. วิทยาศาสตร์การแพทย์ และสุขภาพ
วิทยาศาสตร์การแพทย์ และสุขภาพ
สถานะ=หนังสือเก่า
WB537 T364 ฉ.3 
  Barcode: 004043
ห้องสมุดวิทยาเขตสวรรค์ประชารักษ์
►ส่วนจัดเก็บหนังสือเก่า สปร
บนชั้น
  ขอยืม
5. วิทยาศาสตร์การแพทย์ และสุขภาพ
วิทยาศาสตร์การแพทย์ และสุขภาพ
สถานะ=หนังสือเก่า
WB537 T364 ฉ.4 
  Barcode: 004044
ห้องสมุดวิทยาเขตสวรรค์ประชารักษ์
►ส่วนจัดเก็บหนังสือเก่า สปร
บนชั้น
  ขอยืม
6. วิทยาศาสตร์การแพทย์ และสุขภาพ
วิทยาศาสตร์การแพทย์ และสุขภาพ
สถานะ=หนังสือเก่า
WB537 T364 ฉ.5 
  Barcode: 004045
ห้องสมุดวิทยาเขตสวรรค์ประชารักษ์
►ส่วนจัดเก็บหนังสือเก่า สปร
บนชั้น
  ขอยืม
7. วิทยาศาสตร์การแพทย์ และสุขภาพ
วิทยาศาสตร์การแพทย์ และสุขภาพ
สถานะ=หนังสือเก่า
WB537 T364 ฉ.6 
  Barcode: 004046
ห้องสมุดวิทยาเขตสวรรค์ประชารักษ์
►ส่วนจัดเก็บหนังสือเก่า สปร
บนชั้น
  ขอยืม
8. วิทยาศาสตร์การแพทย์ และสุขภาพ
วิทยาศาสตร์การแพทย์ และสุขภาพ
สถานะ=หนังสือเก่า
WB537 T364 ฉ.7 
  Barcode: 004047
ห้องสมุดวิทยาเขตสวรรค์ประชารักษ์
►ส่วนจัดเก็บหนังสือเก่า สปร
บนชั้น
  ขอยืม
9. วิทยาศาสตร์การแพทย์ และสุขภาพ
วิทยาศาสตร์การแพทย์ และสุขภาพ
สถานะ=หนังสือเก่า
WB537 T364 ฉ.8 
  Barcode: 004048
ห้องสมุดวิทยาเขตสวรรค์ประชารักษ์
►ส่วนจัดเก็บหนังสือเก่า สปร
บนชั้น
  ขอยืม
10. วิทยาศาสตร์การแพทย์ และสุขภาพ
วิทยาศาสตร์การแพทย์ และสุขภาพ
สถานะ=หนังสือเก่า
WB537 T364 ฉ.9 
  Barcode: 004055
ห้องสมุดวิทยาเขตสวรรค์ประชารักษ์
►ส่วนจัดเก็บหนังสือเก่า สปร
บนชั้น
  ขอยืม

รายการใกล้เคียง
    หัวเรื่อง [การนวดไทย]

BibComment


ยังไม่เคยถูกคอมเมนท์

คอมเมนท์ทรัพยากรรายการนี้
  คอมเมนท์: Thai Chair Massa..


 Copyright 2026. Bcnsprnw @Library